公明党所属の衆議院議員 - Statistics

General Stats
  • This quiz has been taken 28 times
  • The average score is 7 of 24
Answer Stats
選出 衆議院議員 % Correct
広島3区 斉藤鉄夫
100%
東京29区 岡本三成
81%
兵庫2区 赤羽一嘉
81%
兵庫8区 中野洋昌
81%
比例北海道 佐藤英道
63%
比例近畿 鰐淵洋子
63%
比例近畿 浮島智子
56%
比例東京 河西宏一
31%
比例東北 庄子賢一
25%
比例北関東 輿水恵一
19%
比例近畿 竹内譲
19%
比例九州 金城康邦
19%
比例北関東 山口良治
13%
比例南関東 沼崎満子
13%
比例東京 大森江里子
13%
比例中国 平林晃
13%
比例九州 吉田宣弘
13%
比例北陸信越 中川宏昌
6%
比例東海 中川康洋
6%
比例四国 山崎正恭
6%
比例九州 浜地雅一
6%
比例北関東 福重隆浩
0%
比例南関東 角田秀穂
0%
比例東海 西園勝秀
0%
No matching quizzes found
Score Distribution
Percent of People with Each Score
Percentile by Number Answered
Your Score History
You have not taken this quiz